[Event "CZE-ch U16 Girls"]
[Site "Kouty nad Desnou"]
[Date "2017.03.18"]
[Round "9"]
[White "Obsivacova, Jana"]
[Black "Nemcova, Karin"]
[Result "0-1"]
[WhiteElo "1148"]
[BlackElo "1984"]
[PlyCount "44"]
[EventDate "2017.03.11"]
[EventType "swiss"]
[EventRounds "9"]
[EventCountry "CZE"]
[SourceTitle "CBM 177 Extra"]
[Source "ChessBase"]
[SourceDate "2017.04.27"]
[SourceVersion "1"]
[SourceVersionDate "2017.04.27"]
[SourceQuality "1"]

1. e4 c5 2. Nf3 Nc6 3. d4 cxd4 4. Nxd4 g6 5. Nc3 Bg7 6. Be3 Nf6 7. f3 0-0 8. Bc4 Qb6 9. Bb3 Nxe4 10. fxe4 Bxd4 11. Bd2 Bf2+ 12. Kf1 Bd4 13. Ke1 d6 14. Rf1 Be6 15. Bh6 Bg7 16. Bd2 Bxb3 17. axb3 e6 18. Qf3 f5 19. exf5 Rxf5 20. Qe2 Rxf1+ 21. Qxf1 Rf8 22. Qe2 Qg1+ 0-1